00724nam a2200193Ia 4500008004100000100002400041245004900065245004900114260006300163260000900226300002500235440007300260650001700333650003300350650004400383942001200427999001900439952007200458180925s9999 xx 000 0 und d aKravitz, Richard H. 4aThe CPA Journal: the voice of the profession cThe CPA Journal: the voice of the profession bThe New york state society of certified public accountants c2018 apages 6-80, May 2018 aPlanning for risk: financial challenges throughout lifevLXXXXVIII.5 aAccountancy. aFinance, Public -- auditing. aLocal taxation -- laws and legislation. 2lcccSE c358874d358874 001040aCLbCLd2018-09-25l0r2018-09-25 00:00:00w2018-09-25ySE